[Event "Kiryat Ono op 6th"]
[Site "Kiryat Ono"]
[Date "2015.07.05"]
[Round "1"]
[White "Soffer, Ram"]
[Black "Helving, Yuval"]
[Result "1-0"]
[WhiteElo "2469"]
[BlackElo "2098"]
[PlyCount "49"]
[EventDate "2015.07.05"]
[EventType "swiss"]
[EventRounds "5"]
[EventCountry "ISR"]
[SourceTitle "CBM 167 Extra"]
[Source "ChessBase"]
[SourceDate "2015.09.14"]
[SourceVersion "1"]
[SourceVersionDate "2015.09.14"]
[SourceQuality "1"]

1. e4 c6 2. d4 d5 3. Nd2 dxe4 4. Nxe4 Bf5 5. Nc5 b6 6. Nb3 Nf6 7. Nf3 Nbd7 8. g3 e6 9. Bg2 c5 10. c4 Be4 11. 0-0 Rc8 12. Re1 cxd4 13. Nbxd4 Rxc4 14. b3 Bxf3 15. Bxf3 Rc5 16. Bf4 g5 17. Rxe6+ fxe6 18. Bh5+ Nxh5 19. Qxh5+ Ke7 20. Nc6+ Rxc6 21. Bxg5+ Nf6 22. Bxf6+ Kxf6 23. Qh4+ Kg6 24. Qxd8 Bg7 25. Qd3+ 1-0

[Event "Petah Tikva"]
[Site "Petah Tikva"]
[Date "1996.??.??"]
[Round "9"]
[White "Helving, Yuval"]
[Black "Botvinnik, Ilia"]
[Result "1/2-1/2"]
[WhiteElo "2185"]
[BlackElo "2350"]
[PlyCount "121"]
[EventDate "1996.09.30"]
[EventType "tourn"]
[EventRounds "11"]
[EventCountry "ISR"]
[EventCategory "4"]
[SourceTitle "CBM 055 Extra"]
[Source "ChessBase"]
[SourceDate "1997.01.01"]
[SourceVersion "1"]
[SourceVersionDate "1997.01.01"]
[SourceQuality "1"]

1. e4 c5 2. Nf3 d6 3. d4 cxd4 4. Nxd4 Nf6 5. Nc3 e6 6. Bc4 Be7 7. Be3 0-0 8. Bb3 a6 9. g4 d5 10. exd5 exd5 11. f3 Re8 12. Qd3 Nbd7 13. 0-0-0 Nc5 14. Qd2 Nxb3+ 15. Nxb3 Be6 16. g5 Nd7 17. Nxd5 Bf8 18. Qf2 Qc8 19. Rd3 Ne5 20. Rc3 Bxd5 21. Rxc8 Raxc8 22. Kb1 Ng4 23. fxg4 Bxh1 24. Nd2 Rc6 25. a3 Rce6 26. Bd4 Bd6 27. Bc3 Re2 28. Qb6 Bxh2 29. Nc4 R2e4 30. Na5 Rxg4 31. Nxb7 Rxg5 32. Qxa6 Rg6 33. Qa7 Rb8 34. Na5 h5 35. Qd4 Bg3 36. Nc4 Re8 37. Qd7 Bc6 38. Qh3 h4 39. b4 Bd5 40. Qd7 Bc6 41. Qf5 Be4 42. Qd7 Ree6 43. Ne5 Rgf6 44. Qc8+ Kh7 45. Nxf7 Kg6 46. Bxf6 Kxf6 47. Ng5 Kxg5 48. Qxe6 Bg2 49. Qe7+ Kf4 50. Qf7+ Ke3 51. Qxg7 Kf2 52. Qd4+ Kf3 53. Qd5+ Kf2 54. Qd4+ Kf3 55. Qf6+ Ke3 56. Qg5+ Kf3 57. Qf5+ Ke3 58. Qg4 Kf2 59. b5 h3 60. Qd4+ Kf3 61. Qd3+ 1/2-1/2

[Event "Petah Tikva"]
[Site "Petah Tikva"]
[Date "1996.??.??"]
[Round "4"]
[White "Helving, Yuval"]
[Black "Kantsler, Boris"]
[Result "0-1"]
[WhiteElo "2185"]
[BlackElo "2455"]
[PlyCount "48"]
[EventDate "1996.09.30"]
[EventType "tourn"]
[EventRounds "11"]
[EventCountry "ISR"]
[EventCategory "4"]
[SourceTitle "CBM 055 Extra"]
[Source "ChessBase"]
[SourceDate "1997.01.01"]
[SourceVersion "1"]
[SourceVersionDate "1997.01.01"]
[SourceQuality "1"]

1. d4 d6 2. c4 e5 3. dxe5 dxe5 4. Qxd8+ Kxd8 5. g3 Be6 6. Bg2 c6 7. b3 Ne7 8. Nf3 f6 9. Ba3 Nd7 10. Nc3 Nc8 11. Bxf8 Rxf8 12. 0-0-0 Ke7 13. Rd2 Ncb6 14. Ne4 a5 15. a4 f5 16. Nd6 Nc5 17. Kc2 e4 18. Ng5 Bg8 19. h4 h6 20. Nh3 Rad8 21. Rhd1 Rd7 22. f3 e3 23. Rd3 Nxd3 24. Rxd3 Rxd6 0-1